000 00503nam a22001697a 4500
003 OSt
005 20260421094553.0
008 260421b |||||||| |||| 00| 0 eng d
020 _a971-501-141-1(np)/142-x(b
040 _aDWCL Main Lib.
_cOC
082 _a243 C771e 1985
100 _aCook, Guillermo
245 _aThe expectation of the poor/
_cGuillermo Cook
260 _aQuezon city:
_bClaretian publications ;
_cc. 1985.
300 _axvii, 144 p ;
_c22 cm.
942 _2ddc
_cBK - FIL
_hFil.
_n0
999 _c9627
_d9627